000 00440nam a22001697a 4500
005 20160615124426.0
008 160615b xxu||||| |||| 00| 0 eng d
020 _a81-8054-004-9
041 _aeng
082 _b7757
100 _aGupta/ S.C. and Kapoor V.K.
_91981
245 _aFundamentals of Mathematical Statistics
260 _aNew Delhi
_bSultan Chand & Sons,
_c2003
300 _a20.28
650 _aManagement
_9241
942 _cBK
999 _c2773
_d2772